000 00704nam a2200217Ia 4500
005 20220316104524.0
008 210716s2003 xx 000 0 und d
020 _a9780071333337
040 _cAIMIT LIBRARY
041 _aeng
082 _a658
_25
_bTRIP
100 _aTripathi, P C.
_923832
245 _aPrinciples of management /
_cBy P C Tripathi and P N Reddy
250 _a5th ed
260 _aNew Delhi :
_bTata MaGraw Hill Education Private Limited ,
_c2013 .
300 _axviii,454p. ;
_c24 cm.
650 _aDevelopment of Management Thought.
_923833
650 _aBusiness Forecasting and Operations Research.
_923834
700 _aReddy P N.
_923835
942 _2ddc
_cBK
_e5th
_k658 TRIP
999 _c209738
_d209738